| 000 | 00450nam a22001457a 4500 | ||
|---|---|---|---|
| 003 | SGT | ||
| 082 |
_a616.024 _bT21G |
||
| 100 | _aGAUR, ANANDITA | ||
| 245 | _aTO STUDY THE CORRELATION BETWEEN VISCERAL ADIPOSTY INDEX, LIPID PROFILE & CAROTID ATHEROSCLEROSIS IN TYPE 2 DIABETES AT A TERTIARY CARE HOSPITAL IN GURUGRAM, HARYANA | ||
| 260 |
_aGURUGRAM _bSGT UNIVERSITY _c2021 |
||
| 300 | _a103 | ||
| 650 | _aMEDICINE | ||
| 653 | _aM.D | ||
| 942 |
_2ddc _cTH |
||
| 999 |
_c26546 _d26546 |
||